01119nac a22003011i 4500003000900000005001700009008004100026020001500067020001800082040004300100082001700143100004300160245006200203250002000265264005400285264001000339300007000349336002600419337002800445338002700473504005100500650002000551655001700571700005200588942001200640999001500652952015000667EG-ScBUE20260301095353.0260301t1998 caua f b 001 0 eng d a0321015185 a9780321015181 aEG-ScBUEbengerdacEG-ScBUEdEG-ScBUE04a577bSMI2221 aSmith, Robert Leo, eauthor.10aElements of ecology /cRobert Leo Smith, Thomas M. Smith. aFourth edition. 1aMenlo Park, Calif. : bBenjamin Cummings,c[1998] 4cc1998 axix, 555 pages :billustrations (some color), color maps ;c26 cm 2rdacontentatextbtxt aunmediated2rdamediabn avolumebnc2rdacarrier aIncludes bibliographical references and index. 7aEcology.2BUEsh vReading book1 aSmith, T. M.q(Thomas Michael),d1955-eauthor. cBB2ddc c1428d1428 00102ddc40708 aMAINbMAINc1STd2010-09-06epurchaseg160.00l1o577 SMIp000003018r2025-07-15 00:00:00s2012-06-07v200.00w2006-09-10yBB